Wszystkie postacie z Red dead redemption 2 - Statystyki

Ogólne statystyki
  • Ten quiz został rozwiązany 145 razy
  • Średni wynik to 20 z 50
Statystyki odpowiedzi
Wskazówka Odpowiedź % Poprawnych
Główny bohater Arthur
98%
Założyciel gangu w którym znajduje się Głowny bohater Dutch
96%
Głowny bohater w epilogu John
91%
Dziecko powyższego Jack
85%
Żona powyższego Abigail
83%
Przywódca gangu o driscolli Colm
79%
kto ginie pod koniec rodziału 6 (Nazwisko) Morgan
76%
Postać pochodząca z Polski Pan wróbel
75%
Największy przyjaciel Arthura i Dutcha Hosea
72%
Musimy go uwolnić z więzienia Micah
68%
Zleca nam zadanie aby wyłudzać od innych ludzi pieniądze Leopold Strauss
65%
Starsza pani z gangu Susan Grimshaw
63%
Buduje z Johnem dom w epilogu, On nie ma imienia Wujek
63%
Rozpoczyna bójkę w barze Bill
61%
Przyjaciółka panny grimshaw, jej imię zaczyna się na K Karen
57%
Dobra przyjaciółka Johna Sadie
57%
Nazwa rozdziału 1 Colter
53%
Szuka się go pod koniec rozdziału 2. Sean
52%
Nazwa rozdziału 5 Guarma
49%
z jakiego wojewódstwa pochodzi pan wróbel Śląskie
49%
Kto jest egzekutorem gangu Javier
39%
Postać która została zabita przez gang dutcha, również imię zaczyna się na K Kieran
36%
Ostatnia misja w grze Amerykański jad
32%
Jest często pijany Lenny
32%
W polskim języku ma inne imię niż w angielskim Wielebny
32%
Nazwa rozdzialu 3 Clemens Point
31%
Nazwa rozdziału 4 Shady Belle
31%
Największy wróg dutcha Milton
29%
Jej żoną jest Edith downes Thomas downes
29%
Nazwa rozdziału 2 Horseshoe Overlook
28%
Rabujemy jego pociąg w rozdziale 1. Leviticus
26%
Beau się w niej zakochał, Również jest władcą braithwaitów Penelope
26%
Nazwa rozdzialu 6 Beaver Hollow
25%
Najładniejsza pani w gangu Molly oshea
22%
Nazwa epilogu cz.2 Beechers Hope
21%
nazwa gangu Dutch van der Linde
20%
Kto jest postacią drugo planowym i współpracownikiem gangu Josiah
19%
Kto zleca nam zadanie "Co następuje po początku?" Pan Pearson
19%
pomaga nam w dotarciu na wyspę Charles smith
16%
Szuka się go na początku rozdziału 4. Angelo bronte
13%
Nazwa epilogu cz.1 Pronghorn Ranch
12%
Pierwsza misja w grze Bandyci z zachodu
11%
Rains fall po polsku Spadający deszcz
11%
Ma ubrania podobne do harrego pottera Edgar ross
10%
Władca grayów Beau
6%
Poznajemy go na wyspie zwanej guarmą, Jest czarnoskóry Leon
6%
Kot głównego bohatera Nie ma
5%
gang w grze którym dostarczamy bimber grayowie
4%
Drugi gang w grze Braithwaitowie
3%
Zawarł umowę z zakonnicą Jamie
0%
Nie znaleziono quizów pasujących do podanych kryteriów
Rozkład punktacji
Procent ludzi z każdym wynikiem
Percentyl według liczby udzielonych odpowiedzi
Twoja historia wyników
Nie rozwiązałeś tego quizu